00653 2200253 4500001002100000005001700021008004100038020002200079035002400101040001200125041000800137082001000145090001600155100001000171245004700181250001000228260003400238300003300272504003000305650001600335990001600351990001600367990001600383YOGYA-0113000000119120130119104939.0 ind  a978-602-8545-69-3 0010-011300000001191 aYOPDYOG aInd a419.2 a419.2 Nga U aNGADI aUnggah-ungguh basa lan budi pekerticNGADI aCet.1 aYogyakartabGava Mediac2012. aVIII, 112 hlmc21 cm (3 eks) aBibliografi: hlm. 111-112 aBahasa Jawa a549-PD/B.12 a548-PD/B.12 a547-PD/B.12